000 00522nam a2200181Ia 4500
003 OSt
005 20200814140155.0
008 190216s9999||||xx |||||||||||||| ||und||
020 _a8122412688
040 _coclc
082 _a547.2
_bKAL/O
100 _aKalsi, P S
_94097
245 0 _aOrganic Reactions And Their Mechanisms /
_cP S Kalsi
250 _a2nd Ed.
260 _bNew Age International Publishers,
_c2000.
_aNew Delhi:
300 _a650p
942 _cBK
_2ddc
_h547.2
_iKAL/O
_k547.2
_mKAL/O
999 _c2914
_d2914